| 000 | nam a22 a 4500 | ||
|---|---|---|---|
| 999 |
_c350393 _d350393 |
||
| 003 | BLK | ||
| 005 | 20201007040659.0 | ||
| 008 | 200401b bu ||||| |||| 00| 0 bu d | ||
| 040 | _aBLK | ||
| 041 |
_aBUL _cBUL |
||
| 080 |
_aКомунистически партии. Вж и 327.323 _b329.15 _z329.15+008(497.2) |
||
| 080 |
_aЦивилизация. Култура. Прогрес. История на културата вж 930.85 _b008 _x(497.2) |
||
| 100 |
_aЖивков, Тодор Христов _eпърви автор _91299 |
||
| 139 |
_aЖивков, Тодор Христов _bЖ 48 |
||
| 245 |
_aНякои проблеми и задачи във връзка с преустройството на духовната сфера _cСъображения на Тодор Живков пред Политбюро на ЦК на БКП |
||
| 257 | _aBGR | ||
| 260 |
_9211414 _aСофия _bПартиздат _c1988 |
||
| 300 |
_a32 с. _c20 см |
||
| 380 | _a3 | ||
| 500 | _a25 110 тир. - Съдържа и За ускоряване на преустройството на духовната сфера : Решение на Политбюро на ЦК на БКП 27 март 1988 г. | ||
| 650 | 0 |
_9313373 _aБКП - ръководна роля |
|
| 852 |
_aЦб 152626 _bЦб |
||
| 942 |
_cKNG _n0 _s1 |
||
| 944 | _kД. Г. | ||